<?xml version="1.0" encoding="UTF-8"?>
<collection xmlns="http://www.loc.gov/MARC21/slim">
 <record>
  <leader>00458pamaa2200169   4500</leader>
  <controlfield tag="001">0000030382</controlfield>
  <controlfield tag="005">20120806090000.0</controlfield>
  <datafield tag="020" ind1="0" ind2="0">
   <subfield code="a">0859501035 </subfield>
  </datafield>
  <datafield tag="082" ind1=" " ind2=" ">
   <subfield code="a">510.76 BOS</subfield>
  </datafield>
  <datafield tag="090" ind1="0" ind2="0">
   <subfield code="a">QA37.2 </subfield>
   <subfield code="b">BOS 1982</subfield>
  </datafield>
  <datafield tag="100" ind1="1" ind2="0">
   <subfield code="a">Bostock </subfield>
  </datafield>
  <datafield tag="245" ind1="1" ind2="0">
   <subfield code="a">Further pure mathematics  </subfield>
   <subfield code="c">L. Bostock, S. Chandler and C. Rourke.</subfield>
  </datafield>
  <datafield tag="260" ind1="0" ind2="0">
   <subfield code="a">Cheltenham: </subfield>
   <subfield code="b">Stanley Thornes, </subfield>
   <subfield code="c">1982.</subfield>
  </datafield>
  <datafield tag="300" ind1=" " ind2=" ">
   <subfield code="a">xiii, 735p.: </subfield>
   <subfield code="b">24cm.</subfield>
  </datafield>
  <datafield tag="650" ind1="0" ind2="0">
   <subfield code="a">Mathematics </subfield>
  </datafield>
  <datafield tag="700" ind1="1" ind2="1">
   <subfield code="a">Rourke, </subfield>
   <subfield code="h">C. </subfield>
  </datafield>
  <datafield tag="700" ind1="1" ind2="1">
   <subfield code="a">Chandler, </subfield>
   <subfield code="h">S. </subfield>
  </datafield>
 </record>
</collection>
